| 000 | 00688nam a2200217 a 4500 | ||
|---|---|---|---|
| 999 |
_c1953 _d1953 |
||
| 001 | 1953 | ||
| 003 | BD-JhCC | ||
| 005 | 20171026184751.0 | ||
| 008 | 171026s1395 bg ||||| |||| 00| 0 ben d | ||
| 035 | _a(BD-JhCC)1953 | ||
| 040 |
_aBD-JhCC _dBD-JhCC |
||
| 041 | _aben | ||
| 082 |
_a891.4409 _bMAK 1395 |
||
| 100 | _aমকসুদ, সৈয়দ আবুল | ||
| 245 |
_aযুদ্ধ ও মানুষের মূর্খতা / _cসৈয়দ আবুল মকসুদ |
||
| 260 |
_aঢাকা : _bমুক্তধারা প্রকাশনী, _c1395. |
||
| 300 |
_a183 p. : _c21 cm. |
||
| 650 | _aBengali Literature | ||
| 942 |
_2ddc _cBK |
||